Областен и окръжен комитет на ОФ- Русе (Запис номер 447109)
[ съкратено ]
| 000 -Лидер | |
|---|---|
| Контролно поле с фиксирана дължина | 01276nam a2200265 a 4500 |
| 003 - Код на организацията, давaща контролен номер | |
| Контролно поле | BLK |
| 005 - Дата и час на последна редакция | |
| Контролно поле | 20230727125259.0 |
| 008 - Елементи от данни с фиксирана дължина | |
| fixed length control field | 220304b bu |||||r|||| 00| | bu d |
| 040 ## - Източник на каталожния запис | |
| Идентификатор на билиотеката - собственик на записа | BLK |
| 041 ## - Код за език | |
| Код за езика на текст/звукозапис или на отделно заглавие | Български |
| Код за езика КДБФ | Български |
| 080 ## - УДК | |
| Текстов определител УДК | Политически масови организации - Народен фронт, Национален фронт и др. |
| УДК код - определител по УДК | 329.71 |
| УДК определител | (062) |
| УДК - код + определител | 329.71(062) |
| 139 ## - Редно поле | |
| Авторски знак | Обл - О 14 |
| 245 ## - Сведения за заглавието | |
| Заглавие | Областен и окръжен комитет на ОФ- Русе |
| Подзаглавни данни | Инвентарни описи на документи 1944-1969 |
| Редно поле (дума) | Състав. Димо Колабашев и др. |
| Физически носител (вид на носителя) | [Малотир. изд.] |
| 260 ## - Област на издателските данни | |
| 9 (RLIN) | 219284 |
| Място на издаване, разпространение и проч. | Русе |
| Име на издателя, разпространителя и проч. | Окр. нар. съвет - Русе |
| Година на издаване | 1974 |
| Печатница | Офсетова база при ОНС- Русе |
| 300 ## - Физическа характеристика | |
| Страници | 50 с. |
| Размери/Мащаб | 22 см |
| 380 ## - Жанр | |
| Жанр | Обществени науки |
| 500 ## - Общи забележки | |
| Забележка | Окр. държ. архив- Русе<br/>Състав. Димо Колабашев, Златка Пенчева, Руска Иванова. |
| 650 #7 - Допълнително описание по предмет – тема | |
| 9 (RLIN) | 165326 |
| Основно описание – тема или топоним | Отечествен фронт |
| 653 #7 - Ключова дума – ненормативна | |
| 9 (RLIN) | 192863 |
| Ключова дума | описи |
| 653 #7 - Ключова дума – ненормативна | |
| 9 (RLIN) | 193797 |
| Ключова дума | писмени документи |
| 700 ## - Други автори (авторска отговорност) | |
| 9 (RLIN) | 1478 |
| Лично име | Колабашев, Димо |
| Автороска отговорност (Описва отношението между автора и произведението) | състав. |
| 852 ## - Местоположение | |
| Фондова буква | Краезнание |
| Систематично-азбучна сигнатура | К 329/О 14 |
| 999 ## - СИСТЕМНИ КОНТРОЛНИ НОМЕРА | |
| Koha biblionumber | 447109 |
| Koha biblioitemnumber | 447109 |
| 942 ## - АРТИКУЛИ | |
| Вид на библиотечния материал | Книги |
| Скрит в OPAC | Не |
| Периодичен библиозапис | Да |
| Koha issues (borrowed), all copies | 1 |
| 944 ## - СЪЗДАВАНЕ И РЕДАКЦИЯ на ЗАПИСА | |
| Създаване/Редакция | Създаване |
| Дата на регистрацията/редакция | 2022-03-04 |
| Служител, извършил регистрацията/редакцията | 30556 |
| Статус, дата на статуса | Теодора Пейчева-Дянкова |
| Код за отписване | Код за изгубен артикул | Източник на класификационната схема | Код за повреда | Коз за рестрикции | Код за отдаване | Артикулен № | Име на библиотеката - собственик | Име на библиотеката, в която се намира в момента | Статус (Текущо местоположение) | Дата на вписване в системата | Местоположение - отдел | Цена в лева | Систематично азбучна сигнатура | Баркод | Цена в евро | Служебен тип на артикула |
|---|---|---|---|---|---|---|---|---|---|---|---|---|---|---|---|---|
| Не е изгубен | Universal Decimal Classification | Не е повреден | само за читалня | ползва се в читалня | 874720 | Регионална библиотека "Любен Каравелов" Русе | Регионална библиотека "Любен Каравелов" Русе | Краезнание | 2022-03-10 | Краезнание | 1.00 | К 329/О-14 | 120000867717 | 0.51 | Книги |